zpět

Detail výsledku týmu

Pivovar Parník, Přerov

Datum a čas kvízu

24.5 Celkem bodů Celkový počet nahraných bodů na tomto kvízu bez doplňovacích otázek.
4. Pořadí na kvízu Konečné umístění týmu na tomto kvízu.

Zaznamenané odpovědi

# Otázka Odpověď Body Výsledky
1. Když Miloš Zeman volil, pokusi... 0.5
2. Chuť na víno dodala odvahy jis... 1
3. Jistě jste zaznamenali, že let... 1
4. V britském hrabství Worcesters... 1
5. Německý fotbalový útočník Luka... 0
6. Pro mimobrněnské soutěžící upř... 1
7. Bývalé mayské město na území d... 1
8. Na název českého spolku zaměře... 0
9. Plod listnatého stromu z čeled... 1
10. Ze šalinkarty vyberete i to, c... 0